Toxické kovy v pracovním a životním prostředí človeka

Podrobná bibliografia
Hlavní autori: Bencko, Vladimír, 1938- (Autor), Cikrt, Miroslav, 1940- (Autor), Lener, Jaroslav, 1934- (Autor)
Médium: Kniha
Jazyk:čeština
Fyzický popis:263 s. ilustr. 21 cm
Vydavateľské údaje: Praha Avicenum 1984
Vydanie:Vyd. 1.
Predmet:

MARC

LEADER 00000cam a2200000 a 4500
001 vtls001263187
003 SK-MaSNL
005 20260301234531.0
008 240315s1984 xr a f n 00000 cze
020 |q (Brož.) 
035 |a SNK000214086 
040 |a SNK  |b slo  |c SNK  |e AACR2 
041 0 |a cze 
044 |a xr  |c CZ 
072 7 |a 615  |x Farmácia. Farmakológia  |2 konspekt 
080 |a 615.9  |2 2001 
080 |a 620.266.1  |2 2001 
080 |a 504.5  |2 2001 
080 |a 502/504  |2 2001 
080 |a 612.015.3  |2 2008 
080 |a 349.24  |2 2008 
100 1 |a Bencko, Vladimír,  |d 1938-  |4 aut  |9 53550 
245 1 |a Toxické kovy v pracovním a životním prostředí človeka  |c Vladimír Bencko, Miroslav Cikrt, Jaroslav Lener 
250 |a Vyd. 1. 
260 |a Praha  |b Avicenum  |c 1984 
300 |a 263 s.  |b ilustr.  |c 21 cm 
336 |a text  |b txt  |2 marccontent 
337 |a bez média  |b n  |2 marcmedia 
338 |a zväzok  |b nc  |2 marccarrier 
504 |a Bibliografia: s. 262-[264], bibliografické odkazy 
650 0 7 |a toxické látky  |2 SNKPH  |9 3990 
650 0 7 |a znečistenie životného prostredia  |2 SNKPH  |9 988 
650 0 7 |a pracovné prostredie  |2 SNKPH  |9 1299 
650 0 7 |a životné prostredie  |2 SNKPH  |9 786 
650 0 7 |a toxikológia  |2 SNKPH  |9 2607 
650 0 7 |a metabolizmus  |2 SNKPH  |9 17248 
650 0 7 |a Toxic substances  |2 SNKPHeng  |9 319765 
650 0 7 |a Environmental pollution  |2 SNKPHeng  |9 101056 
650 0 7 |a Circumstances of work  |2 SNKPHeng  |9 630690 
650 0 7 |a Environment  |2 SNKPHeng  |9 267078 
650 0 7 |a Toxicology  |2 SNKPHeng  |9 270831 
650 0 7 |a Metabolism  |2 SNKPHeng  |9 267413 
700 1 |a Cikrt, Miroslav,  |d 1940-  |4 aut  |9 264500 
700 1 |a Lener, Jaroslav,  |d 1934-  |4 aut  |9 630691 
958 |a OND 
999 |c 970456  |d 972386 
952 |t P60, <04>, [BOOK], {604}  |a SNK  |b SNK  |y VYP  |7 0  |p 17A0032024  |o snkIC 95726  |i snkKIP 8796/84  |0 0  |1 0  |4 0  |d 1996-10-10  |l 0  |r 2005-01-01 00:00:00  |w 2026-02-24 
952 |t P60, <04>, [BOOK], {604}  |a SNK  |b SNK  |y NEVYP  |7 0  |p 17A0020581  |o snkIC 95726 D1  |i snkKIP 8797/84  |0 0  |1 1  |4 0  |d 1996-10-10  |l 0  |r 2005-01-01 00:00:00  |w 2026-02-24